000 00970cam a2200241 a 4500
001 000007305
005 20200929154128.0
008 751223s1968 ve ach 000 0 spa
040 _aDO-SdBNP
_bspa
_cFMU
_dDLC
_dBNPHU
082 _a920
_bC975P
100 1 _aPawlowski, Cezary-Anatol
_920289
245 1 0 _aMaría Curie, 1867-1934 /
_cCezary-Anatol Pawlowski, irene Joliot-Curie.
260 _aCaracas, (Venezuela) :
_bDirección de Cultura ;
_bUniversidad Central de Venezuela,
_c1968.
300 _a147 p. :
_bil., retrs., facsims. ;
_c22 cm.
490 1 _a"Aniversarios culturales"
_v4
600 1 4 _aCURIE, MARIE,
_d1867-1934.
_xBIOGRAFÍA
_920290
700 1 _aPawlowski, Cezary Anatol,
_d1895-
_920291
700 1 _aJoliot-Curie, Irene,
_d1897-1956.
_920292
810 2 _aUniversidad Central de Venezuela.
_tColeccion "Aniversarios culturales," ;
_v4.
_920293
830 0 _a"Aniversarios culturales" ;
_v4
_920294
910 _aCatalogación por copia / LC
049 _aBNGR
999 _c7086
_d7086